000 00530nam a2200181 i 4500
001 100851
003 ES-MaACL
005 20230906182750.0
007 t|
008 051006s1977 sp ||||1| spa d
100 1 _aMatilla, Valentín.
_979075
245 1 0 _aJaime Ferrán y su obra /
_cValentín Matilla.
260 _aMadrid :
_bInstituto de España,
_c1977.
300 _a360 p., 1 lám. (1) ;
_c20 cm.
500 _a(1): Retrat. biográf.
710 2 _aInstituto de España.
_94873
852 _aES-MaACL
_jL-237
_bR.100983
999 _c100851
_d100851